|
|
|
|
| LEADER |
00000nab a2200000 a 4500 |
| 001 |
vtls009522221 |
| 003 |
SK-MaSNL |
| 005 |
20260318132941.0 |
| 008 |
090605c2009 xo wr p 000 c0ukr |
| 015 |
|
|
|a SNBRB2009/06
|
| 038 |
|
|
|a SVKPOCL
|
| 040 |
|
|
|a SVKPOCL
|b slo
|c SVKPOCL
|e AACR2
|
| 041 |
0 |
|
|a ukr
|
| 044 |
|
|
|a xo
|c SK
|
| 080 |
|
|
|a 398.332.43
|2 2001
|
| 100 |
1 |
|
|a Čavargová, Anna,
|d 1937-
|4 aut
|9 651752
|
| 245 |
1 |
0 |
|a Syl'vester po-novomu
|c [avtor] -hč-
|
| 648 |
|
7 |
|a 2009
|2 SNK
|9 320114
|
| 650 |
0 |
7 |
|a Nový rok
|2 SNKPH
|9 19945
|
| 650 |
0 |
7 |
|a oslavy
|2 SNKPH
|9 484766
|
| 651 |
|
7 |
|a Ubľa (Slovensko)
|2 SNKPHgeo
|9 51153
|
| 651 |
|
7 |
|a Snina (Slovensko : okres)
|2 SNKPHgeo
|9 56337
|
| 773 |
0 |
|
|t Nove žyttja
|g Roč. 59, č. 1-4 (2009), s. 4
|
| 852 |
|
|
|a SVKPO
|b KIS3GCP
|
| 958 |
|
|
|a UK
|
| 958 |
|
|
|a SK
|
| 958 |
|
|
|a RN
|
| 999 |
|
|
|c 2168607
|d 2170537
|